000
00314nam a2200145Ia 4500
008
230718s9999 xx 000 0 und d
041
_a
Eng.
082
_a
343.54
_b
PAK-I
100
_a
Pakistan
245
0
_a
income tax
260
_a
Pakistan
_b
manzoor law
_c
1999
300
_a
288
650
_a
Law
999
_c
30415
_d
30415